书目信息 |
| 题名: |
人类行为与社会环境
|
|
| 作者: | 汪新建 主编 | |
| 分册: | ||
| 出版信息: | 天津 天津人民出版社 2016.06 |
|
| 页数: | 470页 | |
| 开本: | 24cm | |
| 丛书名: | ||
| 单 册: | ||
| 中图分类: | C912.4 | |
| 科图分类: | ||
| 主题词: | 社会人类学--教材 | |
| 电子资源: | ||
| ISBN: | 978-7-201-10491-1 | |
| 000 | 01214nam0 2200277 450 | |
| 001 | 0120161983054 | |
| 005 | 20170911161232.59 | |
| 010 | @a978-7-201-10491-1@dCNY68.00 | |
| 100 | @a20160829d2016 em y0chiy50 ea | |
| 101 | 0 | @achi |
| 102 | @aCN@b120000 | |
| 105 | @aak z 000yy | |
| 106 | @ar | |
| 200 | 1 | @a人类行为与社会环境@9ren lei xing wei yu she hui huan jing@dHuman behavior in the social environment@f汪新建主编@zeng |
| 205 | @a2版 | |
| 210 | @a天津@c天津人民出版社@d2016.06 | |
| 215 | @a470页@c图@d24cm | |
| 300 | @a经典教材教参系列 | |
| 330 | @a本教材全面介绍了“人类行为与社会环境”这一社会工作专业主干课程的课程宗旨、基本理论和相关理路,概述有关个人成长的基本知识和各成长阶段的生理、心理和社会性发展特征及可能面临的问题,同时对课程涉及的重要人物、核心理论、重要实验的知识背景给出了详细的图示和说明,以增强学生对相关知识点的感性认知,启发叙述主动学习的兴趣。 | |
| 333 | @a本书适合高等教育本科阶段的社会工作专业、相关的心理学、社会学和教育学等专业师生 | |
| 510 | 1 | @aHuman behavior in the social environment@zeng |
| 606 | 0 | @a社会人类学@j教材 |
| 690 | @aC912.4@v5 | |
| 701 | 0 | @a汪新建@9wang xin jian@4主编 |
| 801 | 0 | @aCN@b人天书店@c20160829 |
| 905 | @b1061482-87@dC912.4@e1224=2@f6 | |
| 人类行为与社会环境=Human behavior in the social environment/汪新建主编.-2版.-天津:天津人民出版社,2016.06 |
| 470页:图;24cm |
| 经典教材教参系列.-使用对象:本书适合高等教育本科阶段的社会工作专业、相关的心理学、社会学和教育学等专业师生 |
| ISBN 978-7-201-10491-1:CNY68.00 |
| 本教材全面介绍了“人类行为与社会环境”这一社会工作专业主干课程的课程宗旨、基本理论和相关理路,概述有关个人成长的基本知识和各成长阶段的生理、心理和社会性发展特征及可能面临的问题,同时对课程涉及的重要人物、核心理论、重要实验的知识背景给出了详细的图示和说明,以增强学生对相关知识点的感性认知,启发叙述主动学习的兴趣。 |
| ● |
| 相关链接 |
|
|
|
|
正题名:人类行为与社会环境
索取号:C912.4/1224=2
 
预约/预借
| 序号 | 登录号 | 条形码 | 馆藏地/架位号 | 状态 | 备注 |
| 1 | 1061482 | 210614824 | 第一样本阅览室/ [索取号:C912.4/1224=2] | 在馆 | |
| 2 | 1061483 | 210614833 | 第一借阅区/ [索取号:C912.4/1224=2] | 在馆 | |
| 3 | 1061484 | 210614842 | 第一借阅区/ [索取号:C912.4/1224=2] | 在馆 | |
| 4 | 1061485 | 210614851 | 第一借阅区/ [索取号:C912.4/1224=2] | 在馆 | |
| 5 | 1061486 | 210614860 | 第一借阅区/ [索取号:C912.4/1224=2] | 在馆 | |
| 6 | 1061487 | 210614879 | 密集书库-马院/ [索取号:C912.4/1224=2] | 在馆 |